Caminando a hombros de gigantes : homenaje a Brian Hamnett /
Gorde:
| Beste egile batzuk: | , , |
|---|---|
| Formatua: | Baliabide elektronikoa eBook |
| Hizkuntza: | gaztelania |
| Argitaratua: |
Madrid, España :
Sílex,
2025.
|
| Gaiak: | |
| Sarrera elektronikoa: | Digitalia Hispánica |
| Etiketak: |
Etiketa erantsi
Etiketarik gabe, Izan zaitez lehena erregistro honi etiketa jartzen!
|
MARC
| LEADER | 00000nam a2200000Ii 4500 | ||
|---|---|---|---|
| 001 | DIGSLX0021 | ||
| 003 | NyNyDIG | ||
| 006 | m o d | ||
| 007 | cr ||||||||||| | ||
| 008 | 260114s2025 sp a ob 000 0 spa d | ||
| 035 | |a (OCoLC)1569980448 | ||
| 040 | |a DGITA |b eng |e rda |e pn |c DGITA | ||
| 020 | |z 9791387694043 | ||
| 043 | |a e-sp--- |a cl----- | ||
| 050 | 1 | 4 | |a F1412 ebook |
| 245 | 0 | 0 | |a Caminando a hombros de gigantes : |b homenaje a Brian Hamnett / |c Manuel Chust, Claudia Rosas Lauro y Mariana Terán (eds.). |
| 264 | 1 | |a Madrid, España : |b Sílex, |c 2025. | |
| 300 | |a 1 online resource : |b illustrations. | ||
| 336 | |a text |b txt |2 rdacontent | ||
| 337 | |a computer |b c |2 rdamedia | ||
| 338 | |a online resource |b cr |2 rdacarrier | ||
| 347 | |a text file |2 rdaft | ||
| 347 | |b PDF | ||
| 504 | |a Includes bibliographical references. | ||
| 588 | 0 | |a Online resource; title from PDF title page (Digitalia, viewed January 14, 2026) | |
| 600 | 1 | 0 | |a Hamnett, Brian R. |
| 651 | 0 | |a Spain |x History |y 17th century. | |
| 651 | 0 | |a Latin America |x History |y 17th century. | |
| 700 | 1 | |a Chust Calero, Manuel, |e editor. | |
| 700 | 1 | |a Rosas Lauro, Claudia, |e editor. | |
| 700 | 1 | |a Terán Fuentes, Mariana, |d 1964- |e editor. | |
| 776 | 0 | 8 | |i Print version: |t Caminando a hombros de gigantes. |d Madrid, España : Sílex, 2025 |z 9791387694043 |
| 791 | 2 | |a Digitalia (Firm), |e distributor. | |
| 793 | 0 | |g Digitalia eBook Collection: |a Sílex | |
| 856 | 4 | 0 | |3 Digitalia Hispánica |u https://digitalia.unach.elogim.com/a/182955/ |
| 910 | |a Premium collection: 2026 | ||